Control de un robot humanoide haciendo uso de una interfaz cerebro-computador con ondas P300

Guardado en:
Bibliografiske detaljer
Hovedforfatter: Agüero Rojas, Eliécer, 1990-
Andre forfattere: Lochi Yu Lo, Director del TFG
Format: Bog
Sprog:Spanish
Udgivet: [San José , Costa Rica] 2016
Fag:
Tags: Tilføj Tag
Ingen Tags, Vær først til at tagge denne postø!

MARC

LEADER 00000nam a22000007a 4500
003 012677
005 20230920080305.0
008 170928b2016 cr a|||| |m|| 00| ||spa d
040 |c cru CEDI 
090 |a TFG 7828 
100 |9 1323  |a Agüero Rojas, Eliécer, 1990- 
245 |a Control de un robot humanoide haciendo uso de una interfaz cerebro-computador con ondas P300 
260 |a [San José , Costa Rica]  |c 2016 
300 |a x, 79 hojas; ilustraciones  
500 |a  Tesis (licenciatura en ingeniería eléctrica)--Universidad de Costa Rica. Facultad de Ingeniería. Escuela de Ingeniería Eléctrica, 
501 |a Director de Tesis de Graduación: Dr. Lochi Yu Lo  
650 |x CIRCUITOS DE INTERFAZ   |x SISTEMAS HOMBRE - MAQUINA   |x INTERFASES CON EL USUARIO (SISTEMA PARA COMPUTADORA)   |x INGENIERIA HUMANA   |x SISTEMA NERVIOSO - ENFERMEDADES   |x ELECTROENCEFALOGRAFIA   |x CONTROL AUTOMATICO   |x PROGRAMAS PARA COMPUTADORA   |9 9965 
700 |9 840  |a  Lochi Yu Lo,  |d Director del TFG  
942 |c CEDI 
999 |c 19034  |d 19034